000 00363nam a2200145Ia 4500
008 231217s9999 xx 000 0 und d
041 _aEnglish
082 _a658.82 ICF;1 R
100 _aICFAI
245 0 _aSales and distribution management
260 _c2004
_bICFAI
_aHyderabad
300 _a514
650 _aSales,distribution,management
942 _cAA
999 _c177338
_d177338